[Event "Rochefort Master 2018"]
[Site "Palais des Congrès de Rochefort"]
[Date "2018.02.17"]
[Round "6.12"]
[White "Kurayan, Ruslan"]
[Black "Spiridonov, Nikola"]
[Result "0-1"]
[WhiteElo "2374"]
[BlackElo "2141"]
[Annotator "chris"]
[PlyCount "49"]
[EventDate "2018.02.22"]
[WhiteTeam "Rouen Echecs"]
[BlackTeam "Savigny-Le-Temple Echecs"]

1. e4 c5 2. Nf3 Nc6 3. d4 cxd4 4. Nxd4 g6 5. Nc3 Bg7 6. Be3 Nf6 7. Be2 O-O 8.
O-O d5 9. Nxc6 bxc6 10. e5 Ne8 11. f4 f6 12. Bd4 fxe5 13. fxe5 Rxf1+ 14. Qxf1
Nc7 15. Na4 Ne6 16. c3 Qc7 17. Bg4 Nxd4 18. Bxc8 Bxe5 19. Bh3 Rf8 20. Qd3 Bxh2+
21. Kh1 Nf5 22. Bxf5 Rxf5 23. g4 Rf2 24. Rf1 Qg3 25. Qxd5+ 0-1

[Event "Rochefort Master 2018"]
[Site "Palais des Congrès de Rochefort"]
[Date "2018.02.17"]
[Round "6.13"]
[White "Roselle, Tristan"]
[Black "Kulkarni, Rakesh"]
[Result "0-1"]
[WhiteElo "2105"]
[BlackElo "2332"]
[Annotator "chris"]
[PlyCount "70"]
[EventDate "2018.02.22"]
[WhiteTeam "AGJA-Echiquier Aquitaine"]

1. e4 c5 2. Nf3 e6 3. c3 Nf6 4. e5 Nd5 5. d4 cxd4 6. cxd4 Nc6 7. a3 d6 8. Bc4
Be7 9. O-O O-O 10. Qe2 b6 11. Bd2 Bb7 12. Nc3 dxe5 13. dxe5 Na5 14. Nxd5 exd5
15. Ba6 Bxa6 16. Qxa6 Nb3 17. Rad1 Qd7 18. Qd3 Nc5 19. Qd4 Rfd8 20. Bc3 Rac8
21. Rfe1 Ne6 22. Qd2 Rc4 23. Bd4 Qa4 24. Qe3 Rc2 25. b3 Qxa3 26. Ra1 Ra2 27.
Rxa2 Qxa2 28. Ra1 Qc2 29. g3 Bc5 30. Bxc5 bxc5 31. Rxa7 d4 32. Qd2 Qxb3 33. Kg2
Qd5 34. h4 c4 35. Ra5 Qe4 0-1

[Event "Rochefort Master 2018"]
[Site "Palais des Congrès de Rochefort"]
[Date "2018.02.17"]
[Round "6.14"]
[White "Galunova, Tsveta"]
[Black "Lemeaux, David"]
[Result "1-0"]
[WhiteElo "2177"]
[BlackElo "2306"]
[Annotator "chris"]
[PlyCount "103"]
[EventDate "2018.02.22"]
[BlackTeam "AGJA-Echiquier Aquitaine"]

1. d4 d5 2. c4 e6 3. Nc3 Bb4 4. cxd5 exd5 5. Bf4 c6 6. e3 Ne7 7. Bd3 Bf5 8. Nf3
O-O 9. O-O Bd6 10. Be5 Bxe5 11. Nxe5 Nd7 12. Nxd7 Qxd7 13. b4 b5 14. a4 a6 15.
Ne2 Qd6 16. Bxf5 Nxf5 17. Qc2 Ne7 18. Qc5 Qxc5 19. dxc5 Rab8 20. Nd4 Rb7 21.
axb5 axb5 22. Ra6 Rc8 23. Rfa1 h5 24. Kf1 Kh7 25. f3 g6 26. Kf2 Kg7 27. h3 Rbc7
28. g4 hxg4 29. hxg4 Rh8 30. Kg3 g5 31. Rb6 Rh6 32. Kg2 Rh8 33. Raa6 Rhc8 34.
Kg3 Kf8 35. f4 gxf4+ 36. exf4 Ke8 37. f5 Kd7 38. Kf4 Rh8 39. Kg5 Rg8+ 40. Kf4
Rh8 41. Nf3 f6 42. Nd4 Rh7 43. Ne6 Rc8 44. Rb7+ Ke8 45. Raa7 d4 46. Ke4 d3 47.
Kxd3 Rh3+ 48. Kd4 Rh7 49. Ke4 Rf7 50. g5 Rh7 51. gxf6 Rh4+ 52. Ke5 1-0

[Event "Rochefort Master 2018"]
[Site "Palais des Congrès de Rochefort"]
[Date "2018.02.17"]
[Round "6.15"]
[White "Niraj, Saripalli"]
[Black "Malassagne, Raphael"]
[Result "1/2-1/2"]
[WhiteElo "2083"]
[BlackElo "2276"]
[PlyCount "70"]
[EventDate "2018.02.22"]
[BlackTeam "Cergy Pontoise Echecs"]

1. d4 Nf6 2. Bg5 d5 3. e3 c5 4. Bxf6 exf6 5. dxc5 Bxc5 6. c3 Nc6 7. Nd2 O-O 8.
Ne2 Re8 9. Nb3 Bb6 10. Qd2 Ne5 11. Nf4 Nc4 12. Qxd5 Nxb2 13. Bb5 Re5 14. Qxd8+
Bxd8 15. Nd4 Bb6 16. Nfe2 a6 17. Rb1 axb5 18. Rxb2 Bd7 19. Kd2 g6 20. Rhb1 Kg7
21. Nxb5 Bxb5 22. Rxb5 Rxa2+ 23. Kd3 Ba5 24. R1b2 Rxb5 25. Rxb5 b6 26. Rb1 f5
27. Rd1 Kf6 28. Rd2 Ra1 29. Rb2 h5 30. h4 Ke5 31. Nd4 Ra3 32. Nb5 Ra1 33. Nd4
Ra3 34. Nb5 Ra1 35. Nd4 Ra3 1/2-1/2

[Event "Rochefort Master 2018"]
[Site "Palais des Congrès de Rochefort"]
[Date "2018.02.17"]
[Round "7.6"]
[White "Stets, Dmitry"]
[Black "Nikolov, Momchil"]
[Result "0-1"]
[WhiteElo "2398"]
[BlackElo "2545"]
[PlyCount "66"]
[EventDate "2018.02.22"]
[WhiteTeam "Rouen Echecs"]

1. e4 c6 2. d4 d5 3. exd5 cxd5 4. c4 Nf6 5. Nc3 e6 6. Nf3 Be7 7. cxd5 Nxd5 8.
Bd3 O-O 9. O-O Nc6 10. Re1 Nf6 11. a3 b6 12. Bg5 Bb7 13. Bc2 Rc8 14. Qd3 g6 15.
Rad1 Nd5 16. Bh6 Re8 17. Ba4 Nxc3 18. bxc3 Bxa3 19. Ng5 Be7 20. Qg3 a6 21. c4
b5 22. d5 exd5 23. cxb5 axb5 24. Bxb5 Qa5 25. Bf1 Nd4 26. Rxe7 Rxe7 27. Rxd4
Re1 28. h4 Rxf1+ 29. Kh2 Qe1 30. Qf4 Rxf2 31. Nf3 Qe7 32. Rb4 Qc7 33. Rxb7 Qxb7
0-1

[Event "Rochefort Master 2018"]
[Site "Palais des Congrès de Rochefort"]
[Date "2018.02.17"]
[Round "7.7"]
[White "Kulkarni, Rakesh"]
[Black "Demchenko, Anton"]
[Result "0-1"]
[WhiteElo "2332"]
[BlackElo "2671"]
[PlyCount "86"]
[EventDate "2018.02.22"]

1. e4 g6 2. d4 Bg7 3. Be3 d6 4. Nc3 a6 5. Qd2 b5 6. f3 Nd7 7. g4 Bb7 8. h4 h6
9. O-O-O e6 10. Nge2 b4 11. Nb1 a5 12. Ng3 Ne7 13. f4 Nf6 14. h5 Nxe4 15. Nxe4
Bxe4 16. Bg2 Bxg2 17. Qxg2 Nd5 18. Rde1 g5 19. fxg5 O-O 20. Bd2 hxg5 21. Qe4
Bh6 22. c4 Nf6 23. Qf3 d5 24. Rhf1 Ne4 25. cxd5 exd5 26. Be3 Ra6 27. Nd2 Rf6
28. Qg2 Re8 29. Nf3 Rc6+ 30. Kb1 Rce6 31. Bc1 a4 32. Ne5 f6 33. Nd3 a3 34. Nxb4
axb2 35. Qxb2 Bf8 36. a3 Bxb4 37. axb4 Qe7 38. Re3 Rb8 39. Rb3 Reb6 40. Rff3
Rxb4 41. Kc2 Rc4+ 42. Kd1 Re8 43. Be3 Kh7 0-1

[Event "Rochefort Master 2018"]
[Site "Palais des Congrès de Rochefort"]
[Date "2018.02.17"]
[Round "7.8"]
[White "Shyam, Sundar M"]
[Black "Galunova, Tsveta"]
[Result "1-0"]
[WhiteElo "2521"]
[BlackElo "2177"]
[PlyCount "131"]
[EventDate "2018.02.22"]

1. e4 e5 2. Nf3 Nc6 3. Bb5 a6 4. Ba4 Nf6 5. O-O Be7 6. d3 b5 7. Bb3 d6 8. a3
O-O 9. Nc3 Nb8 10. Ne2 h6 11. Ng3 Re8 12. Nh4 Bg4 13. f3 Be6 14. Nhf5 Bf8 15.
f4 Nbd7 16. Ba2 c5 17. c4 Bxf5 18. Nxf5 b4 19. Bb3 Kh7 20. Ba4 g6 21. Ne3 exf4
22. Rxf4 Bg7 23. Bc6 Ra7 24. Ra2 Qb6 25. Ba4 Re6 26. b3 Qb7 27. Bxd7 Qxd7 28.
a4 Qe8 29. Raf2 Nh5 30. R4f3 Bd4 31. Rh3 f5 32. exf5 gxf5 33. Qxh5 Qxh5 34.
Rxh5 Bxe3 35. Bxe3 Rxe3 36. Rhxf5 Rxd3 37. R5f3 Rd1+ 38. Rf1 Rd2 39. h3 Re7 40.
Kh2 Rg7 41. R1f2 Rxf2 42. Rxf2 Re7 43. Rf3 Kg7 44. Rd3 Re6 45. Kg3 Kf7 46. Kh4
Ke7 47. Kh5 Re2 48. g4 Rc2 49. h4 Rc3 50. Rd1 Rh3 51. Kxh6 Rxh4+ 52. Kg5 Rh3
53. Rb1 Kf7 54. Kf5 Rf3+ 55. Ke4 Rg3 56. Kd5 Rd3+ 57. Kc6 Kf6 58. Kb6 Kg5 59.
Kxa6 Kxg4 60. a5 Kf4 61. Kb6 Ke5 62. a6 Rh3 63. a7 Rh8 64. Rd1 Rg8 65. Kc6 Rd8
66. Kb7 1-0

[Event "Rochefort Master 2018"]
[Site "Palais des Congrès de Rochefort"]
[Date "2018.02.17"]
[Round "7.10"]
[White "Mariette, Lucas"]
[Black "Maiorov, Nikita"]
[Result "0-1"]
[WhiteElo "2094"]
[BlackElo "2547"]
[PlyCount "82"]
[EventDate "2018.02.22"]
[WhiteTeam "Club d'Echecs de Sautron"]

1. e4 c6 2. d4 d5 3. Nc3 dxe4 4. Nxe4 Bf5 5. Ng3 Bg6 6. h4 h6 7. Nf3 Nd7 8. h5
Bh7 9. Bd3 Bxd3 10. Qxd3 e6 11. Bd2 Ngf6 12. O-O-O Be7 13. Kb1 Rc8 14. Ne4 Nxe4
15. Qxe4 Nf6 16. Qe2 Qd5 17. Be3 Bd6 18. c4 Qe4+ 19. Qd3 Qxd3+ 20. Rxd3 O-O 21.
c5 Bc7 22. Ra3 Ra8 23. Rh4 Rfd8 24. g4 Rd5 25. g5 hxg5 26. Bxg5 Nh7 27. Be3 Rf5
28. Nd2 Nf6 29. h6 g5 30. Rh1 Kh7 31. Rg1 Kxh6 32. Nf3 Ne4 33. Nh4 Rd5 34. Rh1
Kg7 35. Rg1 Kf6 36. Rg4 gxh4 37. Rxe4 Rh5 38. Rg4 h3 39. Rg1 h2 40. Rh1 Rg8 41.
f3 Bf4 0-1

[Event "Rochefort Master 2018"]
[Site "Palais des Congrès de Rochefort"]
[Date "2018.02.17"]
[Round "7.11"]
[White "Youssoupov, Moisse"]
[Black "Miron, Lucian-Costin"]
[Result "0-1"]
[WhiteElo "2231"]
[BlackElo "2489"]
[Annotator "chris"]
[PlyCount "98"]
[EventDate "2018.02.22"]
[WhiteTeam "La Tour de Caylus"]
[BlackTeam "Echiquier Medocain"]

1. d4 d5 2. Bf4 Nf6 3. e3 c5 4. c3 Nc6 5. Nd2 e6 6. Ngf3 cxd4 7. exd4 Nh5 8.
Be3 Bd6 9. g3 Nf6 10. h3 Qc7 11. Bg2 O-O 12. O-O b6 13. Re1 Ba6 14. Rc1 Rac8
15. Bg5 Nd7 16. Nf1 h6 17. Bd2 Nf6 18. Qa4 Bd3 19. Re3 b5 20. Qd1 Bh7 21. Qe2
Ne4 22. Ne1 b4 23. Nf3 bxc3 24. Bxc3 Qb6 25. Rd1 Na5 26. Be1 Nc4 27. Rb3 Qa6
28. a3 Qa4 29. Rdd3 Nf6 30. Rdc3 Ne4 31. Rd3 Nb6 32. Bb4 Bxb4 33. Rxb4 Qc2 34.
Re3 Qb1 35. Ne1 Nd6 36. Nd2 Qa2 37. a4 Nbc4 38. Nxc4 Nxc4 39. Reb3 a5 40. Rb7
Nd6 41. R7b6 Qxa4 42. Nd3 Nf5 43. Qg4 Qxd4 44. Nf4 Rc2 45. Nd3 Rd2 46. Bf1 Qxg4
47. hxg4 Nd4 48. Rc3 Nf3+ 49. Kh1 Bxd3 0-1

[Event "Rochefort Master 2018"]
[Site "Palais des Congrès de Rochefort"]
[Date "2018.02.17"]
[Round "7.12"]
[White "Rakotomaharo, Fy Antenaina"]
[Black "Niraj, Saripalli"]
[Result "1-0"]
[WhiteElo "2410"]
[BlackElo "2083"]
[Annotator "chris"]
[PlyCount "117"]
[EventDate "2018.02.22"]
[WhiteTeam "Clichy-Echecs-92"]

1. d4 d5 2. c4 c6 3. Nc3 e6 4. e3 Bd6 5. Qc2 f5 6. Bd3 Nh6 7. Nf3 Nd7 8. b3 Qe7
9. Bb2 Nf6 10. O-O-O Ne4 11. h3 Bd7 12. Kb1 O-O 13. Ne5 b5 14. cxb5 Nxc3+ 15.
Qxc3 cxb5 16. Qa5 Rfb8 17. Nxd7 Qxd7 18. Rc1 Nf7 19. f3 Nd8 20. e4 Rb6 21. exd5
exd5 22. g4 f4 23. Rhe1 g6 24. h4 Nb7 25. Qd2 a5 26. a3 Rf8 27. Qe2 b4 28. a4
Nd8 29. h5 Qg7 30. Rc5 Bxc5 31. dxc5 Re6 32. Qxe6+ Nxe6 33. Bxg7 Nxg7 34. hxg6
hxg6 35. Re5 Rc8 36. Rxd5 Ne6 37. Bxg6 Nxc5 38. Bc2 Kg7 39. Rg5+ Kf6 40. Rf5+
Ke6 41. Kb2 Kd6 42. Rxf4 Ke5 43. Rf7 Rh8 44. f4+ Kd4 45. Rh7 Re8 46. Rh2 Ke3
47. f5 Rg8 48. Rg2 Rg5 49. f6 Nd7 50. f7 Rg7 51. g5 Rxf7 52. g6 Rg7 53. Rg5 Nb8
54. Re5+ Kd2 55. Rxa5 Nc6 56. Rh5 Nd4 57. Rh7 Rg8 58. Rd7 Ke3 59. g7 1-0

[Event "Rochefort Master 2018"]
[Site "Palais des Congrès de Rochefort"]
[Date "2018.02.17"]
[Round "7.13"]
[White "Ringuet, Noe"]
[Black "Shirazi, Kamran"]
[Result "0-1"]
[WhiteElo "2213"]
[BlackElo "2324"]
[PlyCount "64"]
[EventDate "2018.02.22"]
[WhiteTeam "Echiquier de Picardie Maritime"]
[BlackTeam "Tremblay en France"]

1. e4 e6 2. d3 c5 3. Nf3 Nc6 4. g3 g6 5. Bg2 Bg7 6. O-O Nge7 7. Re1 d6 8. c3
O-O 9. a4 h6 10. Na3 f5 11. Nc4 e5 12. exf5 Bxf5 13. Nh4 Be6 14. f4 Qd7 15. Qe2
Rae8 16. fxe5 d5 17. Nd6 Rb8 18. Be3 d4 19. Bd2 g5 20. Nf3 Bg4 21. Nc4 Qe6 22.
Qe4 Rfd8 23. cxd4 Bf5 24. Qe3 Nd5 25. Qe2 g4 26. dxc5 gxf3 27. Qxf3 Nd4 28. Qh5
Bg4 29. Qh4 Nf3+ 30. Bxf3 Bxf3 31. b4 Ne7 32. Nd6 Ng6 0-1

[Event "Rochefort Master 2018"]
[Site "Palais des Congrès de Rochefort"]
[Date "2018.02.17"]
[Round "7.14"]
[White "Malassagne, Raphael"]
[Black "Selebran, Henri"]
[Result "1-0"]
[WhiteElo "2276"]
[BlackElo "2151"]
[Annotator "chris"]
[PlyCount "125"]
[EventDate "2018.02.22"]
[WhiteTeam "Cergy Pontoise Echecs"]
[BlackTeam "LEC Echiquier Limousin"]

1. c4 Nf6 2. b3 b6 3. Bb2 Bb7 4. Nf3 e6 5. e3 d5 6. Be2 Nbd7 7. O-O Bd6 8. Nc3
a6 9. cxd5 exd5 10. Nd4 Nc5 11. b4 Ne6 12. Nf5 Bf8 13. d4 Qd7 14. a3 h5 15. Nh4
Bd6 16. Bd3 Ne4 17. Nf5 Bf8 18. Qc2 Nd6 19. Nxd6+ Bxd6 20. f4 Qe7 21. Rae1
O-O-O 22. Qe2 b5 23. a4 c6 24. axb5 axb5 25. Bc1 Bxb4 26. Bd2 Qd6 27. Rb1 Bxc3
28. Bxc3 g6 29. Bb4 Qd7 30. Rfc1 Rde8 31. Qa2 Nc7 32. Qa7 Rxe3 33. Bf1 Rhe8 34.
Ba5 Re2 35. Bxc7 Qxc7 36. Bxe2 Rxe2 37. Re1 Qe7 38. Qa5 Re4 39. h3 Qd6 40. Rf1
Rxd4 41. Qc3 Rc4 42. Qg7 f5 43. Rb3 Re4 44. Rg3 Re6 45. Qd4 Kc7 46. Rc1 Qe7 47.
Kh2 Kd7 48. Qb6 Ke8 49. Ra1 c5 50. Qxb5+ Bc6 51. Qb6 Bd7 52. Ra8+ Kf7 53. Qb8
Be8 54. Ra7 Bd7 55. Qc7 Ke8 56. Rb3 Rd6 57. Rb8+ Kf7 58. Qxc5 h4 59. Rbb7 Ke8
60. Qd4 Qf7 61. Qh8+ Ke7 62. Qe5+ Qe6 63. Qg7+ 1-0

[Event "Rochefort Master 2018"]
[Site "Palais des Congrès de Rochefort"]
[Date "2018.02.17"]
[Round "7.15"]
[White "Bartakke, Amardeep S"]
[Black "Collas, Silvia"]
[Result "0-1"]
[WhiteElo "2078"]
[BlackElo "2261"]
[Annotator "chris"]
[PlyCount "90"]
[EventDate "2018.02.22"]
[BlackTeam "Echiquier Nimois"]

1. e4 e5 2. Nf3 Nc6 3. Bb5 a6 4. Ba4 d6 5. c3 Bd7 6. O-O Nf6 7. Re1 g6 8. d4
Bg7 9. d5 Ne7 10. Bxd7+ Nxd7 11. c4 h6 12. Nc3 O-O 13. Nd2 f5 14. f3 g5 15. b4
Qe8 16. Nb3 Nf6 17. c5 Qg6 18. Na5 Rab8 19. Nc4 Rbd8 20. b5 g4 21. Kh1 fxe4 22.
fxe4 axb5 23. cxd6 cxd6 24. Nd2 b4 25. Nb5 Nd7 26. a3 Nc5 27. Qe2 b3 28. Nc3
Rf7 29. Bb2 Rdf8 30. Rf1 Qg5 31. Rxf7 Rxf7 32. Nb5 Nc8 33. Bc3 g3 34. Nf3 Qh5
35. Bb4 Nxe4 36. Qxe4 Rxf3 37. h3 b2 38. Rb1 Rf2 39. Bc3 Qg5 40. Qe1 e4 41.
Bxg7 Kxg7 42. Nc3 Qe5 43. Nd1 e3 44. Nxe3 Nb6 45. Kg1 Na4 0-1

[Event "Rochefort Master 2018"]
[Site "Palais des Congrès de Rochefort"]
[Date "2018.02.17"]
[Round "7.16"]
[White "Maloberti, David"]
[Black "Kurayan, Ruslan"]
[Result "1-0"]
[WhiteElo "2152"]
[BlackElo "2374"]
[PlyCount "77"]
[EventDate "2018.02.22"]
[WhiteTeam "Cercle d'echecs des Sables d'Olonne"]
[BlackTeam "Rouen Echecs"]

1. d4 Nf6 2. c4 g6 3. Nc3 Bg7 4. e4 d6 5. Nf3 O-O 6. Be2 e5 7. O-O Nc6 8. d5
Ne7 9. Ne1 Nd7 10. Be3 f5 11. f3 Nf6 12. c5 Kh8 13. Rc1 a6 14. a4 f4 15. Bf2 g5
16. a5 Rf7 17. cxd6 cxd6 18. Na4 g4 19. Nb6 Rb8 20. Qc2 g3 21. hxg3 fxg3 22.
Bxg3 Bh6 23. Qc7 Qg8 24. Bh2 Nc6 25. Qxd6 Bf8 26. Qxb8 Nxb8 27. Rxc8 Nbd7 28.
d6 Qg5 29. f4 Qh6 30. Nd3 Kg7 31. Rf3 Nxb6 32. Rg3+ Kh8 33. Nxe5 Rd7 34. axb6
Nxe4 35. Nxd7 Nxg3 36. Bxg3 Qe6 37. f5 Qe3+ 38. Bf2 Qxe2 39. Bd4+ 1-0

[Event "Rochefort Master 2018"]
[Site "Palais des Congrès de Rochefort"]
[Date "2018.02.17"]
[Round "8.6"]
[White "Gascon Del Nogal, Jose Rafael"]
[Black "Martinez Duany, Lelys Stanley"]
[Result "1-0"]
[WhiteElo "2477"]
[BlackElo "2509"]
[Annotator "chris"]
[PlyCount "103"]
[EventDate "2018.02.22"]

1. e4 e5 2. Nf3 Nc6 3. Bc4 Nf6 4. d3 h6 5. O-O d6 6. c3 g6 7. d4 Qe7 8. Bb5 Bd7
9. d5 Nd8 10. Bxd7+ Qxd7 11. Re1 Bg7 12. c4 O-O 13. Nc3 Nh5 14. h3 Qe8 15. Bd2
f5 16. Rc1 b6 17. b4 Nb7 18. exf5 gxf5 19. Nd4 Qg6 20. Ne6 Rf7 21. Nb5 Rc8 22.
Nxa7 Ra8 23. Nb5 Kh7 24. a4 Rg8 25. Kh1 Bf6 26. Rg1 f4 27. Qc2 Bh4 28. Qxg6+
Rxg6 29. Be1 f3 30. gxf3 Rxf3 31. Rxg6 Kxg6 32. Kg2 Rd3 33. a5 bxa5 34. bxa5
Nc5 35. Nbxc7 Ra3 36. Rc3 Rxa5 37. Rg3+ Nxg3 38. Bxa5 Nge4 39. Nxc5 dxc5 40.
Nb5 Bxf2 41. d6 Bh4 42. d7 Kf5 43. d8=Q Bxd8 44. Bxd8 Nd2 45. Nd6+ Kf4 46. Bf6
e4 47. Bg7 Nf3 48. Bxh6+ Ke5 49. Nb5 Nh4+ 50. Kf2 Nf5 51. Be3 Nd4 52. h4 1-0

[Event "Rochefort Master 2018"]
[Site "Palais des Congrès de Rochefort"]
[Date "2018.02.17"]
[Round "8.7"]
[White "Filip, Lucian-Ioan"]
[Black "Miron, Lucian-Costin"]
[Result "1/2-1/2"]
[WhiteElo "2401"]
[BlackElo "2489"]
[PlyCount "36"]
[EventDate "2018.02.22"]
[BlackTeam "Echiquier Medocain"]

1. Nf3 d5 2. d4 Nf6 3. c4 c6 4. Nc3 dxc4 5. a4 Bf5 6. Nh4 Be6 7. e4 g6 8. Nf3
Bg7 9. Ng5 Qd7 10. e5 Nd5 11. Nxe6 Qxe6 12. Bxc4 Nxc3 13. Bxe6 Nxd1 14. Bc8 Nd7
15. Bxb7 Rb8 16. Bxc6 Nxb2 17. Bb5 Kd8 18. Ra2 Nxa4 1/2-1/2

[Event "Rochefort Master 2018"]
[Site "Palais des Congrès de Rochefort"]
[Date "2018.02.17"]
[Round "8.9"]
[White "Gabrielian, Artur"]
[Black "Malassagne, Raphael"]
[Result "1-0"]
[WhiteElo "2502"]
[BlackElo "2276"]
[PlyCount "85"]
[EventDate "2018.02.22"]
[BlackTeam "Cergy Pontoise Echecs"]

1. e4 c6 2. d4 d5 3. Nd2 dxe4 4. Nxe4 Nd7 5. Nf3 Ngf6 6. Nc3 e6 7. Bd3 Bd6 8.
O-O O-O 9. Re1 Qc7 10. Bg5 Bf4 11. Bh4 b6 12. Qe2 Bb7 13. Ne5 c5 14. Nb5 Qb8
15. g3 Bh6 16. Nxd7 Nxd7 17. Be7 a6 18. Nd6 Re8 19. Nxe8 Qxe8 20. Be4 Bxe4 21.
Qxe4 Rc8 22. Bd6 cxd4 23. Rad1 g6 24. Rxd4 Bg7 25. Rb4 Nf6 26. Qd3 Qc6 27. Qxa6
Nd5 28. Rb3 Ra8 29. Qd3 Qxd6 30. c4 Rxa2 31. cxd5 exd5 32. Re8+ Bf8 33. Rc3
Ra1+ 34. Kg2 Kg7 35. Rcc8 Be7 36. Qe3 Ra7 37. Rg8+ Kf6 38. Qc3+ d4 39. Qf3+ Kg5
40. Qxf7 Qf6 41. Qxh7 Kf5 42. Rxg6 Qxg6 43. g4+ 1-0

[Event "Rochefort Master 2018"]
[Site "Palais des Congrès de Rochefort"]
[Date "2018.02.17"]
[Round "8.11"]
[White "Collas, Silvia"]
[Black "Kulkarni, Rakesh"]
[Result "1/2-1/2"]
[WhiteElo "2261"]
[BlackElo "2332"]
[Annotator "chris"]
[PlyCount "45"]
[EventDate "2018.02.22"]
[WhiteTeam "Echiquier Nimois"]

1. d4 Nf6 2. Bf4 d5 3. e3 c5 4. Nf3 Nc6 5. Nbd2 Qb6 6. dxc5 Qxb2 7. Rb1 Qc3 8.
Bb5 e6 9. O-O Qxc5 10. c4 Bd7 11. cxd5 exd5 12. Ba4 Be7 13. Rb5 Qc3 14. Rxb7
O-O 15. Qb1 Qa3 16. Bb5 Rfc8 17. Ne5 Nxe5 18. Bxe5 Be6 19. Nf3 Ne4 20. Bd7 Bxd7
21. Rxd7 Rd8 22. Rxd8+ Rxd8 23. Qb3 1/2-1/2

[Event "Rochefort Master 2018"]
[Site "Palais des Congrès de Rochefort"]
[Date "2018.02.17"]
[Round "8.12"]
[White "Maloberti, David"]
[Black "Lemeaux, David"]
[Result "0-1"]
[WhiteElo "2152"]
[BlackElo "2306"]
[Annotator "chris"]
[PlyCount "98"]
[EventDate "2018.02.22"]
[WhiteTeam "Cercle d'echecs des Sables d'Olonne"]
[BlackTeam "AGJA-Echiquier Aquitaine"]

1. d4 d5 2. c4 e6 3. Nc3 Nf6 4. Bg5 Bb4 5. e3 h6 6. Bxf6 Qxf6 7. Qb3 Bxc3+ 8.
bxc3 c6 9. Nf3 Nd7 10. cxd5 exd5 11. Qa3 Qe7 12. Qxe7+ Kxe7 13. c4 dxc4 14.
Bxc4 b6 15. O-O Bb7 16. e4 Rhe8 17. Rfe1 Kf8 18. e5 b5 19. Bd3 a6 20. Nh4 c5
21. Bf5 Rad8 22. e6 Nf6 23. dxc5 g5 24. Nf3 Bxf3 25. e7+ Rxe7 26. Rxe7 Kxe7 27.
Re1+ Kf8 28. gxf3 Rd5 29. Bc8 Rxc5 30. Bxa6 Nd5 31. h4 Nb4 32. Bb7 Nxa2 33.
hxg5 hxg5 34. Re2 Nc3 35. Rb2 Nd5 36. Kg2 Ke7 37. Kg3 f5 38. Bxd5 Rxd5 39. f4
g4 40. Kh4 Kf6 41. Rb3 Rc5 42. Kg3 Ke6 43. Kh4 Kd5 44. Rb1 Kc4 45. Rc1+ Kb4 46.
Rb1+ Ka4 47. Ra1+ Kb3 48. Re1 b4 49. Re5 Kc4 0-1

[Event "Rochefort Master 2018"]
[Site "Palais des Congrès de Rochefort"]
[Date "2018.02.17"]
[Round "8.13"]
[White "Saada, Julien"]
[Black "Boricha, Ketan"]
[Result "1/2-1/2"]
[WhiteElo "2283"]
[BlackElo "2081"]
[Annotator "chris"]
[PlyCount "77"]
[EventDate "2018.02.22"]
[WhiteTeam "Poitiers-Migne Echecs"]

1. d4 Nf6 2. Nf3 d5 3. e3 Bf5 4. Bd3 Bxd3 5. Qxd3 Nbd7 6. Nbd2 c6 7. O-O e6 8.
e4 dxe4 9. Nxe4 Qc7 10. c4 Nxe4 11. Qxe4 Nf6 12. Qe2 Rd8 13. b3 Be7 14. Bb2 O-O
15. Rfe1 Rfe8 16. Bc3 a5 17. a3 h6 18. Qb2 b5 19. Qd2 Ra8 20. a4 bxc4 21. bxc4
Reb8 22. Ne5 Bb4 23. Nd3 Qd6 24. Bxb4 axb4 25. Nc5 Nd7 26. Nb3 c5 27. Red1 Rc8
28. Qe1 Qb8 29. Qe4 cxd4 30. Rxd4 Nc5 31. Nxc5 Rxc5 32. Qd3 Rca5 33. g3 Qe5 34.
Ra2 g6 35. Rd8+ Rxd8 36. Qxd8+ Kg7 37. Qd3 Rc5 38. Rc2 Ra5 39. Ra2 1/2-1/2

[Event "Rochefort Master 2018"]
[Site "Palais des Congrès de Rochefort"]
[Date "2018.02.17"]
[Round "8.14"]
[White "Lagarde, Dimitri"]
[Black "Spiridonov, Nikola"]
[Result "1-0"]
[WhiteElo "2222"]
[BlackElo "2141"]
[PlyCount "55"]
[EventDate "2018.02.22"]
[WhiteTeam "Cannes Echecs"]
[BlackTeam "Savigny-Le-Temple Echecs"]

1. d4 Nf6 2. c4 e6 3. Nc3 Bb4 4. e3 c5 5. Nge2 d5 6. a3 Bxc3+ 7. Nxc3 cxd4 8.
exd4 dxc4 9. Bxc4 Nc6 10. Be3 O-O 11. O-O b6 12. Qf3 Bb7 13. Bd3 Qd7 14. Qh3
Ne7 15. Bg5 Ng6 16. Rad1 Nd5 17. Qg3 Rac8 18. h4 f5 19. h5 Nge7 20. Ne2 Nf6 21.
h6 g6 22. Qh4 Ned5 23. Rc1 Nh5 24. Qh2 Nhf6 25. f3 Rxc1 26. Rxc1 Rc8 27. Rxc8+
Qxc8 28. Qe5 1-0

[Event "Rochefort Master 2018"]
[Site "Palais des Congrès de Rochefort"]
[Date "2018.02.17"]
[Round "8.15"]
[White "Mariette, Lucas"]
[Black "Devallee, Jeremie"]
[Result "0-1"]
[WhiteElo "2094"]
[BlackElo "2186"]
[PlyCount "54"]
[EventDate "2018.02.22"]
[WhiteTeam "Club d'Echecs de Sautron"]
[BlackTeam "Chartres Metropole Echecs"]

1. e4 e5 2. Nf3 Nc6 3. Bb5 Nge7 4. O-O a6 5. Bc4 h6 6. c3 b5 7. Bb3 g6 8. d4
exd4 9. cxd4 Bg7 10. Nc3 O-O 11. a4 b4 12. Nd5 Na5 13. Nxe7+ Qxe7 14. Bc2 d6
15. h3 c5 16. Be3 Bb7 17. Re1 Rac8 18. b3 c4 19. Qd2 cxb3 20. Bd3 Rc3 21. Qe2
Bxe4 22. Bd2 Rxd3 23. Bxb4 Nc6 24. Ba3 Rxf3 25. gxf3 Qg5+ 26. Kh1 Bd5 27. Bxd6
Nxd4 0-1

[Event "Rochefort Master 2018"]
[Site "Palais des Congrès de Rochefort"]
[Date "2018.02.17"]
[Round "8.16"]
[White "Galunova, Tsveta"]
[Black "Pottier, Simeon"]
[Result "1-0"]
[WhiteElo "2177"]
[BlackElo "2056"]
[Annotator "chris"]
[PlyCount "71"]
[EventDate "2018.02.22"]
[BlackTeam "LEC Echiquier Limousin"]

1. d4 Nf6 2. c4 c5 3. d5 b5 4. cxb5 a6 5. bxa6 g6 6. Nc3 Bg7 7. Nf3 O-O 8. e4
Qa5 9. Nd2 Bxa6 10. Bxa6 Qxa6 11. a4 e6 12. Nb5 Qb7 13. dxe6 fxe6 14. Qe2 Nc6
15. O-O Nb4 16. e5 Nfd5 17. Nc4 Nf4 18. Bxf4 Rxf4 19. b3 Raf8 20. f3 Nd5 21. g3
R4f5 22. Ncd6 Qb6 23. Nxf5 Rxf5 24. f4 c4+ 25. Qf2 Qxf2+ 26. Rxf2 cxb3 27. a5
Rf8 28. a6 Ra8 29. Nd4 g5 30. Nxb3 gxf4 31. gxf4 Bh6 32. Ra4 Bxf4 33. Rfxf4
Nxf4 34. Rxf4 Rxa6 35. Nc5 Ra7 36. Rd4 1-0

[Event "Rochefort Master 2018"]
[Site "Palais des Congrès de Rochefort"]
[Date "2018.02.17"]
[Round "8.17"]
[White "Saenz Narciso, Miguel Angel"]
[Black "Bartakke, Amardeep S"]
[Result "0-1"]
[WhiteElo "2243"]
[BlackElo "2078"]
[Annotator "chris"]
[PlyCount "96"]
[EventDate "2018.02.22"]

1. c4 Nf6 2. g3 e6 3. Bg2 d5 4. Nf3 Be7 5. O-O O-O 6. d4 b6 7. Qc2 Bb7 8. Rd1
c6 9. Nbd2 Nbd7 10. e4 Rc8 11. e5 Ne8 12. b3 Nc7 13. Bb2 a5 14. Rac1 Na6 15.
Qb1 Rc7 16. Nf1 Qa8 17. h4 c5 18. Ne3 dxc4 19. d5 exd5 20. bxc4 d4 21. Nd5 Re8
22. Nxc7 Nxc7 23. Qf5 Ne6 24. Rd3 Be4 25. Nxd4 Bxf5 26. Bxa8 cxd4 27. Rf3 Bg4
28. Bc6 Bxf3 29. Bxf3 Nxe5 30. Be4 Nc5 31. Bxd4 Nxe4 32. Bxe5 Bc5 33. Bf4 Nxf2
34. Kf1 Nd3 35. Rd1 Nxf4 36. gxf4 Kf8 37. Rd7 Re4 38. f5 Rxh4 39. f6 gxf6 40.
Rd8+ Kg7 41. Rd3 f5 42. Rc3 Rh2 43. a4 Rf2+ 44. Ke1 Bb4 45. Kxf2 Bxc3 46. Ke3
Bb4 47. Kf4 Kf6 48. Kf3 Bc5 0-1